| 000 | 00488nam a2200181Ia 4500 | ||
|---|---|---|---|
| 008 | 151018s9999 xx 000 0 und d | ||
| 082 |
_bRBASDV40983 _a150 |
||
| 100 | _aRobin Sharma | ||
| 245 | _aLeadership wisdom from the monk who | ||
| 250 | _b1 | ||
| 260 |
_bJaico pub.house _c2005 |
||
| 300 | _a254 | ||
| 600 | _aRobin Sharma | ||
| 630 | _aLeadership wisdom from the monk who | ||
| 700 | _aRobin Sharma | ||
| 730 | _aLeadership wisdom from the monk who | ||
| 942 | _cBOOK | ||
| 999 |
_c1040257 _d1040254 |
||